000 00469ntaaa2200181 4500
003 01
005 20251027202650.0
008 0714s1973 ag 01
040 _aAR-BaBN
_bspa
_cAR-BaBN
_eaacr
_dRIC
082 _a410.0000 T27
100 _aTerracini, A. Benvenuto
_926200
245 _aQué es la lingüística?
250 _a1 ed.
260 _aTucumán :
_bUniversidad Nacional de Tucumán,
_c1942
300 _a64 p
650 _alingüística
_911772
942 _cBK
999 _c21867
_d21867